| 000 | 01737nam a2200469 c 4500 | ||
|---|---|---|---|
| 999 |
_c51154 _d51154 |
||
| 001 | 51154 | ||
| 003 | ES-MaCES | ||
| 005 | 20250526142659.0 | ||
| 007 | cr ||||||||||| | ||
| 008 | 190219s2018 sp ||| ||spa d | ||
| 017 |
_aNA 2651-2018 _bDL |
||
| 020 | _a9788413083513 | ||
| 020 | _a9788413083573 (electrónico) | ||
| 040 |
_aES-MaCES _bspa _cES-MaCES |
||
| 100 | 1 |
_921241 _aPoquet Catalá, Raquel |
|
| 245 | 1 | 0 |
_aModificaciones del contrato de trabajo _b: sustanciales, geográficas y funcionales _cRaquel Poquet Català ; pr., Antonio V. Sempere Navarro |
| 250 | _a1ª ed | ||
| 260 |
_aCizur Menor (Navarra) _bThomson Reuters-Aranzadi _c2018 |
||
| 300 |
_a416 p. _c24 cm |
||
| 490 | 1 | _aAranzadi Derecho laboral | |
| 500 | _aDisponible en formato electrónico mediante la aplicación PROVIEW | ||
| 504 | _aBibliografía: p. 401-416 | ||
| 541 | _cCompra | ||
| 650 | 4 |
_acontrato de trabajo _928316 |
|
| 650 | 4 |
_acondiciones de trabajo _928327 |
|
| 650 | 4 |
_aflexibilidad del trabajo _930174 |
|
| 650 | 4 |
_adesplazamiento _928358 |
|
| 650 | 4 |
_amovilidad de la mano de obra _928354 |
|
| 650 | 4 |
_atraslado geográfico de un empleado _930655 |
|
| 650 | 4 |
_aderechos de los trabajadores _929924 |
|
| 650 | 4 |
_aderechos de la dirección _929896 |
|
| 650 | 4 |
_aprocedimiento laboral _930887 |
|
| 650 | 4 |
_aderecho del trabajo _927165 |
|
| 650 | 4 |
_aEspaña _926964 |
|
| 650 | 4 |
_arégimen jurídico _929894 |
|
| 653 | 1 | 0 | _aDerecho del trabajo y Seguridad Social |
| 700 | 1 |
_923834 _aSempere Navarro, Antonio Vicente _epr. |
|
| 830 | 0 |
_aAranzadi Derecho laboral _939476 |
|
| 856 | 4 |
_uhttps://legalteca.aranzadilaley.es/my-library?sponsor=82111144-IP _yLegalteca |
|
| 902 | _aLIB Libro | ||
| 942 |
_2CES _cBK _h6.0.1. |
||